Rumors : a luxe novel
| Main Author: | |
|---|---|
| Format: | Book |
| Published: |
New York :
Harper Collins Publishers ,
2008
|
| Subjects: |
MARC
| LEADER | 00000cam a2200000 7i4500 | ||
|---|---|---|---|
| 001 | 0000123708 | ||
| 005 | 20080903.0 | ||
| 020 | |a 9780061345692 | ||
| 090 | 0 | 0 | |a F |b GOD |
| 100 | 1 | |a Godbersen, Anna | |
| 245 | 1 | 0 | |a Rumors : |b a luxe novel |c Anna Godbersen |
| 260 | |a New York : |b Harper Collins Publishers , |c 2008 | ||
| 300 | |a 423p. ; |c 21cm. | ||
| 650 | 0 | 0 | |a Fiction |
| 999 | |a 00218982 |b BUKU |c PINJAMAN |e PERPUSTAKAAN KOMUNITI PETALING JAYA | ||